01468nab a2200229 i 4500003000900000005001700009008004100026040001800067072000800085100002700093245007400120500006500194520061700259650001400876650001500890650001400905650001700919773019700936856007801133942000801211999001901219BR-BrBNA20250513093548.0250513b2017 bl.qr|pooa||| 00| 0 por | aBR-BrBNAbpor aF70 aPraia, Talita de Souza aFlora das cangas da Serra dos Carajás, Pará, Brasil: Combretaceae aPublicação on-line; 6 ref.; 1 illus.; Summaries (En, Pt) a Resumo Este trabalho apresenta um estudo florístico para a família Combretaceae na vegetação sobre canga da Serra dos Carajás. Na área, a família é representada por uma espécie, Combretum laxum, que é aqui descrita, ilustrada e discutida. Palavras-chave: FLONA Carajás, Amazônia, Combretum. Abstract This paper aims a floristic survey of the Combretaceae in the canga vegetation of Serra dos Carajás. The family is represented in the area by a single species, Combretum laxum, which is here described, illustrated and discussed.. Key words: FLONA Carajás, Amazon, Combretum aCARAJÁS aAMAZÔNIA aTAXONOMIA aCOMBRETACEAE0 07099350025dRio de Janeiro-RJ Jardim Botanico do Rio de Janeiro 1935o2025-2634tRodriguésia (Brazil)x0370-6583; 2175-7860 on-linegv. 68(3 special number) p. 945-946; (2017)wBR2025000930 uhttps://www.scielo.br/j/rod/a/HvLZgQc4SpY34ZV9ccbWGnJ/?format=pdf&lang=pt cANA c331458d331458